Własność intelektualna w Internecie
| Titel: | Własność intelektualna w Internecie / redakcja Dariusz Żak |
|---|---|
| Beteiligt: | |
| Veröffentlicht: |
Lublin : Towarzystwo Naukowe Katolickiego Uniwersytetu Lubelskiego Jana Pawła II, copyright 2017 Lublin : [Wydawnictwo] Katolickiego Uniwersytetu Lubelskiego Jana Pawła II, copyright 2017 |
| Umfang: | 264 Seiten : Illustrationen ; 24 cm |
| Format: | Buch |
| Sprache: | Polnisch |
| Schriftenreihe/ mehrbändiges Werk: |
Prace Wydziału Nauk Prawnych / Towarzystwo Naukowe Katolickiego Uniwersytetu Lubelskiego Jana Pawła II ; 72 |
| ISBN: | 9788373068063 ; 8373068066 ; 9788380615243 ; 8380615247 |
| Hinweise zum Inhalt: |
Inhaltsverzeichnis
|
alg: 43847323 001A $03004:02-11-18 001B $01999:09-11-18 $t11:38:20.000 001C $03004:02-11-18 $t12:49:29.000 001D $03004:02-11-18 001U $0utf8 001X $00 002@ $0Aau 002C $aText $btxt $2rdacontent 002D $aohne Hilfsmittel zu benutzen $bn $2rdamedia 002E $aBand $bnc $2rdacarrier 003@ $043847323X 003O $01055568133 $aOCoLC 004A $A978-83-7306-806-3 004A $083-7306-806-6 004A $A978-83-8061-524-3 004A $083-8061-524-7 007A $0BV045124698 $aBVB 007G $0DE020183468C34D40BEFEC125833F0040CD3C 009P $qapplication/pdf $A2 $3Inhaltsverzeichnis $uhttp://scans.hebis.de/HEBCGI/show.pl?43847323_toc.pdf $mV:DE-603;B:DE-Mb50 010@ $apol 010E $erda 011@ $a2017 $ncopyright 2017 013D $RWissenschaftliche Literatur $RAufsatzsammlung $71071861417 $8Konferenzschrift [Ts1] $9359646190 021A $aWłasność intelektualna w Internecie $hredakcja Dariusz Żak 028C $BHerausgeber $4edt $7 $8Żak, Dariusz Grzegorz [Tnu] $9438473175 033A $pLublin $nTowarzystwo Naukowe Katolickiego Uniwersytetu Lubelskiego Jana Pawła II 033A $pLublin $n[Wydawnictwo] Katolickiego Uniwersytetu Lubelskiego Jana Pawła II 034D $a264 Seiten 034I $a24 cm 034M $aIllustrationen 036E $aPrace Wydziału Nauk Prawnych / Towarzystwo Naukowe Katolickiego Uniwersytetu Lubelskiego Jana Pawła II $l72 037A $aMateriały z konferencji, 16 maja 2017 r., Stalowa Wola 044K $RDatenautobahn $RARPANet $RRechnernetz $RTCP/IP $#Internet $#Internet $#Internet $#Internet $#internet $#Internet $#Internet $#Internet $74308416-3 $8Internet [Tsz] $9086690205 044K $RImmaterialgüterrecht $RLeistungsschutzrecht $#Urheberrecht $#Urheberrecht $#Copyright $#Urheberrechtsschutz $#Urheberschutz $74062127-3 $8Urheberrecht [Ts1] $908517291X 044K $RKundenprofil $#User profile $#Benutzer Profil $74649699-3 $8Benutzerprofil [Ts1] $9100084699 046L $aZusammenfassungen in englischer Sprache; Inhaltsverzeichnis englisch lok: 43847323 24 exp: 43847323 24 1 #EPN 201B/01 $008-07-20 $t09:19:29.000 201C/01 $023-06-16 201U/01 $0utf8 203@/01 $0776479032 208@/01 $a02-11-18 $bz 209A/01 $a18.07836 $du $f050 $h18 07836 $x00 209A/01 $aTausch-bukul $x09 209C/01 $a18.07836 T $h18 07836 T 209G/01 $a73833582 $x00 220C/01 $ajwa/bar 247C/01 $8358050-7Marburg, Bibliothek des Herder-Instituts Marburg $9102600961
| LEADER | 00000cam a2200000 c 4500 | ||
|---|---|---|---|
| 001 | 43847323X | ||
| 003 | DE-603 | ||
| 005 | 20181109113820.0 | ||
| 007 | tu | ||
| 008 | 181102s2017 xx |||| | u10||u|pol c | ||
| 020 | |a 9788373068063 | ||
| 020 | |a 8373068066 | ||
| 020 | |a 9788380615243 | ||
| 020 | |a 8380615247 | ||
| 035 | |a (DE-599)BVBBV045124698 | ||
| 035 | |a (OCoLC)1055568133 | ||
| 040 | |a DE-603 |b ger |c DE-603 |d DE-603 |e rda | ||
| 041 | |a pol | ||
| 245 | 0 | 0 | |a Własność intelektualna w Internecie |c redakcja Dariusz Żak |
| 264 | 1 | |a Lublin |b Towarzystwo Naukowe Katolickiego Uniwersytetu Lubelskiego Jana Pawła II |c copyright 2017 | |
| 264 | 1 | |a Lublin |b [Wydawnictwo] Katolickiego Uniwersytetu Lubelskiego Jana Pawła II |c copyright 2017 | |
| 300 | |a 264 Seiten |b Illustrationen |c 24 cm | ||
| 336 | |a Text |b txt |2 rdacontent | ||
| 337 | |a ohne Hilfsmittel zu benutzen |b n |2 rdamedia | ||
| 338 | |a Band |b nc |2 rdacarrier | ||
| 490 | 0 | |a Prace Wydziału Nauk Prawnych / Towarzystwo Naukowe Katolickiego Uniwersytetu Lubelskiego Jana Pawła II |v 72 | |
| 500 | |a Materiały z konferencji, 16 maja 2017 r., Stalowa Wola | ||
| 546 | |a Zusammenfassungen in englischer Sprache; Inhaltsverzeichnis englisch | ||
| 650 | 7 | |a Internet |0 (DE-588)4308416-3 |0 (DE-603)086690205 |2 gnd | |
| 650 | 7 | |a Urheberrecht |0 (DE-588)4062127-3 |0 (DE-603)08517291X |2 gnd | |
| 650 | 7 | |a Benutzerprofil |0 (DE-588)4649699-3 |0 (DE-603)100084699 |2 gnd | |
| 655 | 7 | |a Konferenzschrift |2 gnd-content |0 (DE-588)1071861417 |0 (DE-603)359646190 | |
| 700 | 1 | |a Żak, Dariusz Grzegorz |e Herausgeber |4 edt |0 (DE-603)438473175 | |
| 856 | 4 | 2 | |m V:DE-603;B:DE-Mb50 |q application/pdf |u http://scans.hebis.de/HEBCGI/show.pl?43847323_toc.pdf |3 Inhaltsverzeichnis |
| 924 | 0 | |9 Mb 50 |a (DE-603)776479032 |b DE-Mb50 |c HES |d c |g 18.07836 |i Tausch-bukul | |


